| 000 | 01729nam0a2200409 i 4500 | ||
|---|---|---|---|
| 001 | RU\NLR\bibl\1969990 | ||
| 005 | 20260406092358.0 | ||
| 010 |
_a9785386052591 _910000 |
||
| 021 |
_aRU _b2012-84310 _96239 |
||
| 035 | _a(nilc)RuMoRGB-005522799 | ||
| 035 | _a(NLR Aleph) 001958847 | ||
| 090 |
_a3797258 _c3797258 |
||
| 100 | _a20121109d2012 u y0rusy50 ca | ||
| 101 | 0 | _arus | |
| 102 | _aRU | ||
| 105 | _ay ||||||||| | ||
| 200 | 1 |
_aПетрушка, укроп, сельдерей и кинза для здоровья и долголетия _fЗайцев В. Б. |
|
| 210 |
_aМосква _cРИПОЛ классик _d2012 |
||
| 215 |
_a62, [1] с. _d20 |
||
| 225 | 1 | _aЗдоровый образ жизни и долголетие | |
| 300 | _aНа обл. авт. не указан | ||
| 606 | 1 |
_aПетрушка _xЛечебное применение _92391708 _3RU\NLR\auth\661426248 |
|
| 606 | 1 |
_aУкроп _xЛечебное применение _92144541 _3RU\NLR\auth\661596805 |
|
| 606 | 1 |
_aСельдерей _xЛечебное применение _92400955 _3RU\NLR\auth\661431179 |
|
| 606 | 1 |
_aКориандр _xЛечебное применение _92144544 _3RU\NLR\auth\661596806 |
|
| 686 | _aР282.111Сельдерей | ||
| 686 | _aР282.111Петрушка | ||
| 686 | _aР282.111Укроп | ||
| 686 | _aР282.111Кориандр | ||
| 700 | 1 |
_4070 _8rus _7ca _aЗайцев _bВ. Б. _cпопуляризатор _gВиктор Борисович _3RU\NLR\auth\7763151 _946081 |
|
| 801 | 0 |
_aRU _bRuMoRKP _c20121109 _gRCR |
|
| 801 | 2 |
_aRU _bРГБ _c20121120 _grcr |
|
| 801 | 1 |
_aRU _bRuMoRKP _c20121109 _2rusmarc |
|
| 801 | 2 |
_aRU _bNLR _c20121122 _grcr |
|
| 942 | _cBOOK | ||
| 980 | _aNBR | ||